00586nam a2200169Ia 4500952012500000999001700125003000400142005001700146008004100163040000900204082001800213100002800231245005900259260004700318300000900365942004200374 00102ddc40708HISTORYaMESbMEScHISd2019-02-20l0o940.28 BIN/Rp17376r2019-02-20 00:00:00w2019-02-20yBKzGL38R1 c20049d20049OSt20200706121249.0190216s9999||||xx |||||||||||||| ||und|| coclc a940.28bBIN/R aBinkley, Robert C93561 0aRealism And Nationalism 1852-1871 /c Robert C Binkley bHarper & Row Publishers,c1963.aNew York: a350p cBK2ddch940.28iBIN/Rk940.28mBIN/R